Radio operators license handbook / (Record no. 545697)

000 -LEADER
fixed length control field 00653cam a2200193 i 4500
020 ## - INTERNATIONAL STANDARD BOOK NUMBER
International Standard Book Number 0672211122 :
082 00 - DEWEY DECIMAL CLASSIFICATION NUMBER
Classification number 621.38415
Author Mark NOL
-- L-11 P-30,
100 1# - MAIN ENTRY--PERSONAL NAME
Personal name Noll, Edward M.
9 (RLIN) 41645
245 10 - TITLE STATEMENT
Title Radio operators license handbook /
Statement of responsibility, etc. by Edward M. Noll.
250 ## - EDITION STATEMENT
Edition statement 3d ed.
260 ## - PUBLICATION, DISTRIBUTION, ETC.
Place of publication, distribution, etc. Indianapolis :
Name of publisher, distributor, etc. H. W. Sams,
Date of publication, distribution, etc. 1974.
300 ## - PHYSICAL DESCRIPTION
Extent 224 p. :
Other physical details ill. ;
Dimensions 22 cm.
500 ## - GENERAL NOTE
General note Fourth ed. published in 1976 under title: Third-class radiotelephone license handbook.
500 ## - GENERAL NOTE
General note Includes index.
526 ## - STUDY PROGRAM INFORMATION NOTE
Program name 0
Interest level 0
Reading level 0
Title point value 621_384150000000000_NOL
650 #0 - SUBJECT ADDED ENTRY--TOPICAL TERM
Topical term or geographic name entry element MCE
9 (RLIN) 379
650 #0 - SUBJECT ADDED ENTRY--TOPICAL TERM
Topical term or geographic name entry element Radio
General subdivision Law and legislation
Geographic subdivision United States.
9 (RLIN) 41646
942 ## - ADDED ENTRY ELEMENTS (KOHA)
Source of classification or shelving scheme
Koha item type Book
Holdings
Withdrawn status Lost status Source of classification or shelving scheme Damaged status Not for loan Permanent Location Current Location Date acquired Total Checkouts Full call number Barcode Date last seen Date last checked out Price effective from Koha item type
          Military College of Engineering (MCE) Military College of Engineering (MCE) 05/28/2014 1 621.38415 NOL MCE-5223 06/02/2014 05/28/2014 05/28/2014 Book
© 2023 Central Library, National University of Sciences and Technology. All Rights Reserved.